Normal view
MARC view
- عمان، وزارة الثقافة
Entry Personal Name
001 - CONTROL NUMBER
- control field: 57759
003 - CONTROL NUMBER IDENTIFIER
- control field: JO-AjAnu
005 - DATE AND TIME OF LATEST TRANSACTION
- control field: 20230606083445.0
008 - FIXED-LENGTH DATA ELEMENTS
- fixed length control field: 230606|| aca||aabn | a|a d
040 ## - CATALOGING SOURCE
- Original cataloging agency: JO-AjAnu
- Transcribing agency: JO-AjAnu
100 ## - HEADING--PERSONAL NAME
- Personal name: عمان، وزارة الثقافة
670 ## - SOURCE DATA FOUND
- Source citation: Work cat.: (JO-AjAnu)29470: عمان، وزارة الثقافة, author, العلامة الراحل روكس بن زائد العزيزي : أوراق ندوة أقامتها وزارة الثقافة بتاريخ 2005/8/8